| 000 | 01265ngm a22003490a 4500 | ||
|---|---|---|---|
| 001 | PT16738 | ||
| 003 | AR-LpoUNG | ||
| 005 | 20210202000237.0 | ||
| 007 | vd cvaizq | ||
| 008 | 191001s1943||||ag |||||||||||||||||ita d | ||
| 037 | _c$6.63 | ||
| 040 |
_aAR-LpoUNG _bspa _cAR-LpoUNG _eaacr |
||
| 041 |
_aita _aspa |
||
| 044 | _aag | ||
| 082 | 0 | _a940.53 823rom | |
| 100 | 1 |
_aRossellini, Roberto _edir. |
|
| 245 | 1 | 0 | _aRoma cittá aperta |
| 260 |
_aBuenos Aires : _bTauro Video, _c1943. |
||
| 300 | _aVHS (97 min.) : son., col. | ||
| 520 | _a<p>La vida de Roma durante la ocupación nazi. Un cura acepta ayudar a un jefe guerrillero (comunista). Por culpa de una traductora escalva de la droga, los dos son descubiertos. El comunista muerte después de terribles torturas, el cura muere fusilado. El film se comienza a rodar inmediatamente después de la liberación de la capital italiana y tuvo un enorme suceso en todo el mundo, dando inicio al neorealismo.</p> | ||
| 650 | 4 | _aALEMANIA | |
| 650 | 4 | _aCONFLICTOS ARMADOS | |
| 650 | 4 | _aCRIMENES DE GUERRA | |
| 650 | 4 | _aGUERRA | |
| 650 | 4 | _aITALIA | |
| 650 | 4 | _aSOCIEDAD | |
| 653 | _aFASCISMO | ||
| 653 | _aNAZISMO | ||
| 653 | _aVIDEOS | ||
| 905 | _a16738 | ||
| 942 | _cVIDEO | ||
| 999 |
_c54435 _d54435 |
||